[Event "Memorijal Danilo Dajo Batricevic"]
[Site "Cetinje"]
[Date "2009.08.11"]
[Round "3.26"]
[White "Boshku, Harallamb"]
[Black "Ljubisa, Mitar"]
[Result "1-0"]
[WhiteElo "2309"]
[BlackElo "1964"]
[PlyCount "65"]
[EventDate "2009.08.09"]
[EventRounds "9"]

1. d4 d5 2. c4 e6 3. Nc3 Be7 4. Nf3 Nf6 5. g3 O-O 6. Bg2 b6 7. O-O Bb7 8. Ne5
Nbd7 9. cxd5 Nxd5 10. Nxd7 Qxd7 11. e4 Nxc3 12. bxc3 Rad8 13. Be3 c5 14. Qb3
Qc7 15. Rfd1 Rd7 16. a4 Rfd8 17. a5 c4 18. Qb2 bxa5 19. Qa2 e5 20. d5 Bc5 21.
Bxc5 Qxc5 22. Qxa5 Qe7 23. Qa3 Qg5 24. Bh3 f5 25. Bxf5 Rc7 26. Be6+ Kh8 27.
Qxa7 Qe7 28. d6 Rxd6 29. Rxd6 Qxd6 30. Qb8+ Bc8 31. Bxc8 Rd7 32. Bxd7+ Qxb8 33.
Bc6 1-0

[Event "Memorijal Danilo Dajo Batricevic"]
[Site "Cetinje"]
[Date "2009.08.11"]
[Round "3.27"]
[White "Luksic, Vladimir"]
[Black "Batricevic, Jovo"]
[Result "1/2-1/2"]
[WhiteElo "2143"]
[BlackElo "2184"]
[PlyCount "72"]
[EventDate "2009.08.09"]
[EventRounds "9"]

1. d4 Nf6 2. Nf3 d5 3. Bf4 e6 4. e3 Bd6 5. Bg3 O-O 6. Bd3 c5 7. c3 Nc6 8. Nbd2
cxd4 9. exd4 Qc7 10. O-O Bxg3 11. hxg3 e5 12. Nxe5 Nxe5 13. dxe5 Qxe5 14. Re1
Qc7 15. Nb3 Qb6 16. Qd2 a5 17. Nd4 a4 18. a3 Bg4 19. f3 Bd7 20. Re2 Rfe8 21.
Rae1 Rxe2 22. Rxe2 Re8 23. g4 Qd6 24. Rxe8+ Nxe8 25. Qe1 g6 26. Qe3 Nc7 27. Kf2
Qb6 28. Qd2 Ne6 29. Be2 Nc5 30. Kf1 Qd6 31. Qe3 b6 32. Kf2 Qf6 33. Kg3 g5 34.
Kh2 Kg7 35. g3 h6 36. Kg2 Qd6 1/2-1/2

[Event "Memorijal Danilo Dajo Batricevic"]
[Site "Cetinje"]
[Date "2009.08.11"]
[Round "3.28"]
[White "Kadric, Denis"]
[Black "Draskovic, Davor"]
[Result "1-0"]
[WhiteElo "2156"]
[BlackElo "1702"]
[PlyCount "71"]
[EventDate "2009.08.09"]
[EventRounds "9"]

1. e4 c5 2. Nf3 d6 3. d4 cxd4 4. Nxd4 Nf6 5. Nc3 Nc6 6. h3 g6 7. g4 Bg7 8. Be3
O-O 9. Qd2 d5 10. Nxc6 bxc6 11. e5 Ne4 12. Nxe4 dxe4 13. Qc3 Qd5 14. Bf4 e3 15.
Rg1 exf2+ 16. Kxf2 Qe4 17. Qc4 Qxc4 18. Bxc4 Be6 19. Bxe6 fxe6 20. Ke3 Rad8 21.
Ke4 h6 22. Rgd1 Rb8 23. b3 Rb4+ 24. c4 Rfb8 25. Rd7 R4b7 26. Rad1 Kf7 27. Rxb7
Rxb7 28. Rd8 Rb6 29. Bc1 Ra6 30. a3 Ra5 31. Bb2 Rc5 32. Ra8 Ra5 33. Rc8 Ra6 34.
b4 Rb6 35. Kd4 a5 36. Kc5 1-0

[Event "Memorijal Danilo Dajo Batricevic"]
[Site "Cetinje"]
[Date "2009.08.11"]
[Round "3.29"]
[White "Markovic, Danko"]
[Black "Dedic, Slavko"]
[Result "1/2-1/2"]
[WhiteElo "1946"]
[BlackElo "1989"]
[PlyCount "49"]
[EventDate "2009.08.09"]
[EventRounds "9"]

1. e4 c5 2. Nf3 d6 3. d4 cxd4 4. Nxd4 a6 5. Nc3 Nc6 6. Be2 e5 7. Nf3 Nf6 8. O-O
h6 9. h3 Be7 10. Be3 Be6 11. Nh2 d5 12. exd5 Nxd5 13. Nxd5 Bxd5 14. Re1 O-O 15.
c4 Be4 16. a3 Qc7 17. Qc1 Na5 18. Qc3 Rac8 19. Rac1 Nc6 20. b4 Rfd8 21. f3 Bh7
22. Red1 Rxd1+ 23. Rxd1 Rd8 24. Rxd8+ Qxd8 25. Ng4 1/2-1/2

[Event "Memorijal Danilo Dajo Batricevic"]
[Site "Cetinje"]
[Date "2009.08.11"]
[Round "3.30"]
[White "Djukanovic, Mitar"]
[Black "Rasovic, Uros"]
[Result "1-0"]
[WhiteElo "1657"]
[BlackElo "1939"]
[PlyCount "73"]
[EventDate "2009.08.09"]
[EventRounds "9"]

1. d4 Nf6 2. Bg5 Ne4 3. Bf4 c5 4. f3 Nf6 5. d5 e6 6. c4 exd5 7. cxd5 g6 8. e4
d6 9. Bb5+ Nbd7 10. Nc3 Nh5 11. Be3 Bg7 12. Qd2 Qa5 13. g4 Nhf6 14. Nh3 O-O 15.
Bxd7 Nxd7 16. Bh6 Ne5 17. O-O b5 18. Bxg7 Kxg7 19. a4 b4 20. Nb5 Ba6 21. Qe2 c4
22. f4 Nd3 23. f5 f6 24. Nd4 Qb6 25. Qe3 g5 26. Ne6+ Kh6 27. Qxb6 axb6 28. Rf3
Rae8 29. Nhxg5 Nf4 30. Nxf8 Rxf8 31. Ne6 Nxe6 32. fxe6 Kg5 33. h4+ Kxg4 34.
Rxf6 Re8 35. Kh2 Kxh4 36. Rg1 Kh5 37. Rf3 1-0

[Event "Memorijal Danilo - Dajo Batricevic"]
[Site "Cetinje"]
[Date "2009.08.12"]
[Round "4.1"]
[White "Cebalo, Miso"]
[Black "Blagojevic, Dragisa"]
[Result "1/2-1/2"]
[WhiteElo "2476"]
[BlackElo "2545"]
[PlyCount "45"]
[EventDate "2009.08.09"]
[EventRounds "9"]

1. c4 e6 2. Nc3 Nf6 3. e4 c5 4. e5 Ng8 5. Nf3 Nc6 6. d4 cxd4 7. Nxd4 Nxe5 8.
Ndb5 a6 9. Nd6+ Bxd6 10. Qxd6 f6 11. Bf4 Nf7 12. Qa3 Ne7 13. O-O-O e5 14. Be3
b6 15. Bd3 Bb7 16. Qb3 O-O 17. Bxb6 Qc8 18. f3 d5 19. Qa3 Qe6 20. Bc5 dxc4 21.
Bxh7+ Kxh7 22. Bxe7 Rfe8 23. Bc5 1/2-1/2

[Event "Memorijal Danilo - Dajo Batricevic"]
[Site "Cetinje"]
[Date "2009.08.12"]
[Round "4.2"]
[White "Nikolov, Momchil"]
[Black "Dumpor, Atif"]
[Result "1-0"]
[WhiteElo "2517"]
[BlackElo "2404"]
[PlyCount "103"]
[EventDate "2009.08.09"]
[EventRounds "9"]

1. d4 Nf6 2. c4 e6 3. Nc3 d5 4. Nf3 Be7 5. Bf4 O-O 6. e3 c5 7. dxc5 Bxc5 8.
cxd5 exd5 9. Be2 Nc6 10. O-O h6 11. Rc1 Re8 12. Qb3 Bb6 13. Na4 Nh5 14. Bg3
Nxg3 15. hxg3 Be6 16. Nxb6 axb6 17. Nd4 Nxd4 18. exd4 Bf5 19. Bb5 Re6 20. a3 h5
21. Rfe1 h4 22. Rxe6 Bxe6 23. gxh4 Qxh4 24. Qe3 Qd8 25. Bd3 Rc8 26. Re1 Qh4 27.
g3 Qh5 28. Qf4 Qg4 29. Qxg4 Bxg4 30. Re7 Bf3 31. Kh2 g5 32. g4 Bxg4 33. Kg3 Be6
34. Rxb7 Rc6 35. Kf3 Kg7 36. Ke3 Kf6 37. a4 Bc8 38. Ra7 Re6+ 39. Kd2 Re7 40.
Ra8 Bf5 41. Rd8 Rd7 42. Rb8 Rd6 43. Bb5 Bb1 44. b4 Ba2 45. a5 bxa5 46. bxa5 Bc4
47. Rb6 Ke6 48. Rxd6+ Kxd6 49. Bxc4 dxc4 50. a6 Kc6 51. d5+ Kb6 52. d6 1-0

[Event "Memorijal Danilo - Dajo Batricevic"]
[Site "Cetinje"]
[Date "2009.08.12"]
[Round "4.3"]
[White "Iotov, Valentin"]
[Black "Djukic, Nikola"]
[Result "1-0"]
[WhiteElo "2603"]
[BlackElo "2491"]
[PlyCount "61"]
[EventDate "2009.08.09"]
[EventRounds "9"]

1. d4 Nf6 2. c4 e6 3. Nf3 b6 4. g3 Ba6 5. Qc2 Bb7 6. Bg2 c5 7. d5 exd5 8. cxd5
Nxd5 9. O-O Be7 10. Rd1 Qc8 11. Qf5 Nf6 12. Bg5 Na6 13. Nc3 d5 14. Nh4 g6 15.
Qf4 Qe6 16. Qa4+ Qc6 17. Qb3 c4 18. Qc2 Nb4 19. Qc1 Rd8 20. a3 Na6 21. Bxf6
Qxf6 22. Bxd5 Bxd5 23. Nxd5 Qc6 24. Qc3 f6 25. e4 Nc7 26. Nxe7 Kxe7 27. e5 Nd5
28. Qd4 f5 29. Rac1 Nb4 30. Nxf5+ Ke6 31. Ng7+ 1-0

[Event "Memorijal Danilo - Dajo Batricevic"]
[Site "Cetinje"]
[Date "2009.08.12"]
[Round "4.4"]
[White "Kalezic, Blazo"]
[Black "Kovacevic, Aleksandar"]
[Result "1/2-1/2"]
[WhiteElo "2445"]
[BlackElo "2575"]
[PlyCount "39"]
[EventDate "2009.08.09"]
[EventRounds "9"]

1. e4 c5 2. Nf3 d6 3. d4 cxd4 4. Nxd4 Nf6 5. Nc3 a6 6. Be3 e5 7. Nb3 Be7 8. f3
Be6 9. Qd2 O-O 10. O-O-O a5 11. a4 Na6 12. g4 Nb4 13. Kb1 Qc8 14. g5 Nh5 15.
Rg1 f5 16. g6 fxe4 17. gxh7+ Kh8 18. fxe4 Nf4 19. Nc1 Qe8 20. N1e2 1/2-1/2

[Event "Memorijal Danilo - Dajo Batricevic"]
[Site "Cetinje"]
[Date "2009.08.12"]
[Round "4.5"]
[White "Ivanovic, Bozidar"]
[Black "Bojkov, Dejan"]
[Result "1/2-1/2"]
[WhiteElo "2415"]
[BlackElo "2521"]
[PlyCount "83"]
[EventDate "2009.08.09"]
[EventRounds "9"]

1. e4 e5 2. Nf3 Nc6 3. Bb5 a6 4. Ba4 Nf6 5. d3 d6 6. c3 Be7 7. Nbd2 O-O 8. Nf1
b5 9. Bb3 Na5 10. Bc2 c5 11. Ng3 Re8 12. O-O Nc6 13. Re1 h6 14. h3 Bf8 15. d4
cxd4 16. cxd4 exd4 17. Nxd4 Nxd4 18. Qxd4 Be6 19. Be3 Rc8 20. Qd2 d5 21. e5 Nd7
22. f4 d4 23. Bxd4 Rc4 24. Qd3 g6 25. Kh2 Bc5 26. Bxc5 Nxc5 27. Qxd8 Rxd8 28.
Rac1 Rxf4 29. Bxg6 Rc4 30. Bf5 Rd2 31. Bxe6 Rxc1 32. Bxf7+ Kxf7 33. Rxc1 Nd3
34. Rc6 Nxe5 35. Rf6+ Ke7 36. Nh5 a5 37. Ra6 a4 38. Nf4 Nf3+ 39. Kg3 Nd4 40. b3
Rxa2 41. bxa4 Rxa4 42. Nd5+ 1/2-1/2

[Event "Memorijal Danilo - Dajo Batricevic"]
[Site "Cetinje"]
[Date "2009.08.12"]
[Round "4.6"]
[White "Miladinovic, Igor"]
[Black "Miron, Lucian-Costin"]
[Result "1/2-1/2"]
[WhiteElo "2570"]
[BlackElo "2479"]
[PlyCount "106"]
[EventDate "2009.08.09"]
[EventRounds "9"]

1. d4 d5 2. Bg5 f6 3. Bf4 Nc6 4. Nf3 g5 5. Bg3 g4 6. Nfd2 Nxd4 7. e3 Nc6 8. h3
f5 9. hxg4 fxg4 10. e4 Bg7 11. Nc3 dxe4 12. Nb5 Be5 13. Bxe5 Nxe5 14. Nxe4 c6
15. Qxd8+ Kxd8 16. O-O-O+ Bd7 17. Rh5 Ng6 18. Nc5 Nf6 19. Nxd7 Nxd7 20. Be2 Nf4
21. Bxg4 e6 22. Rg5 Kc8 23. Rg7 Rd8 24. Nd6+ Kc7 25. Rxh7 Rh8 26. Nb5+ Kb6 27.
Rhxd7 Kxb5 28. Rxb7+ Kc5 29. g3 Rhg8 30. Bf3 Nd5 31. a3 a5 32. Rd3 Raf8 33. b3
Rf5 34. c4 Nb6 35. Rc7 Rc8 36. Ra7 Ra8 37. Rxa8 Nxa8 38. Kd2 a4 39. b4+ Kxc4
40. Bxc6 Nb6 41. Bf3 Kb5 42. Rc3 Nc4+ 43. Ke1 Nxa3 44. Rxa3 Kxb4 45. Re3 a3 46.
Bd1 a2 47. Rb3+ Ka4 48. Rb2+ Ka3 49. Rb3+ Ka4 50. Re3+ Kb4 51. Rb3+ Ka4 52.
Rb2+ Ka3 53. Rb3+ Ka4 1/2-1/2

[Event "Memorijal Danilo - Dajo Batricevic"]
[Site "Cetinje"]
[Date "2009.08.12"]
[Round "4.7"]
[White "Drasko, Milan"]
[Black "Vujacic, Borivoje"]
[Result "1-0"]
[WhiteElo "2527"]
[BlackElo "2315"]
[PlyCount "79"]
[EventDate "2009.08.09"]
[EventRounds "9"]

1. d4 Nf6 2. c4 g6 3. Nf3 Bg7 4. g3 O-O 5. Bg2 c6 6. O-O d5 7. b3 Bf5 8. Bb2
Qa5 9. e3 Nbd7 10. Qe2 Ne4 11. Rc1 Rac8 12. Nc3 Qa6 13. cxd5 Qxe2 14. Nxe2 cxd5
15. Ba3 Bf6 16. Nf4 Nb6 17. Ne5 Rxc1+ 18. Rxc1 Rc8 19. Rxc8+ Bxc8 20. Bb4 g5
21. Nh5 Bxe5 22. dxe5 Bg4 23. f3 Bxh5 24. fxe4 e6 25. Bc5 dxe4 26. Bxb6 axb6
27. Bxe4 Bg6 28. Bxb7 Bb1 29. a3 Bc2 30. b4 Ba4 31. Kf2 f6 32. exf6 Kf7 33. Kf3
Kxf6 34. Ke4 h6 35. Kd4 Bb5 36. Be4 Ba4 37. Bf3 Bb3 38. Bc6 e5+ 39. Kc3 Bd1 40.
Kc4 1-0

[Event "Memorijal Danilo - Dajo Batricevic"]
[Site "Cetinje"]
[Date "2009.08.12"]
[Round "4.8"]
[White "Kosic, Dragan"]
[Black "Padurariu, Ioana-Smaranda"]
[Result "1-0"]
[WhiteElo "2488"]
[BlackElo "2238"]
[PlyCount "65"]
[EventDate "2009.08.09"]
[EventRounds "9"]

1. d4 Nf6 2. Nf3 e6 3. Bf4 d5 4. e3 c5 5. c3 Nc6 6. Nbd2 Bd6 7. Bg3 O-O 8. Bd3
b6 9. Ne5 Qc7 10. f4 Nd7 11. Bf2 f5 12. g4 Nf6 13. gxf5 exf5 14. Qf3 Ne4 15.
Rg1 Be6 16. Qg2 Bxe5 17. dxe5 Rad8 18. Bh4 Rd7 19. Nf3 c4 20. Bxe4 dxe4 21. Ng5
Nd8 22. Nxh7 Kxh7 23. Qg6+ Kh8 24. Rg3 Bd5 25. Bxd8 Qxd8 26. O-O-O Bc6 27. Rh3+
Kg8 28. Rg1 Ba4 29. Qh7+ Kf7 30. Rxg7+ Ke8 31. Qh5+ Rdf7 32. Rxf7 Rxf7 33. e6
1-0

[Event "Memorijal Danilo - Dajo Batricevic"]
[Site "Cetinje"]
[Date "2009.08.12"]
[Round "4.9"]
[White "Rajkovic, Dusan"]
[Black "Bukvic, Mihailo"]
[Result "1-0"]
[WhiteElo "2477"]
[BlackElo "2223"]
[PlyCount "115"]
[EventDate "2009.08.09"]
[EventRounds "9"]

1. d4 f5 2. Bg5 c6 3. e3 Qb6 4. Qc1 d6 5. Nf3 Nd7 6. Bd3 g6 7. e4 fxe4 8. Bxe4
Bg7 9. O-O Ngf6 10. Bd3 O-O 11. Re1 e5 12. Nbd2 Qc7 13. dxe5 Nxe5 14. Nxe5 dxe5
15. Bc4+ Kh8 16. Ne4 Nxe4 17. Rxe4 Bf5 18. Re2 Rae8 19. h3 b5 20. Bb3 a5 21. a4
b4 22. Qe3 c5 23. Bc4 e4 24. c3 h5 25. Rd2 Be6 26. Bxe6 Rxe6 27. Rad1 Qf7 28.
Rd7 Qf5 29. Bh6 Rf7 30. Rxf7 Qxf7 31. Bxg7+ Kxg7 32. Qxc5 bxc3 33. Qxc3+ Qf6
34. Rd7+ Kh6 35. Qxf6 Rxf6 36. Re7 Rb6 37. Rxe4 Rxb2 38. Re5 Rb1+ 39. Kh2 h4
40. g3 hxg3+ 41. Kxg3 Rg1+ 42. Kh2 Ra1 43. Rxa5 Ra3 44. h4 Rf3 45. Kg2 Rf4 46.
Kg3 Rb4 47. f3 Rc4 48. Ra8 Rc1 49. a5 Rg1+ 50. Kf2 Ra1 51. a6 Kg7 52. f4 Ra3
53. a7 Kh7 54. Kg2 Kg7 55. h5 gxh5 56. f5 Ra6 57. f6+ Rxf6 58. Rb8 1-0

[Event "Memorijal Danilo - Dajo Batricevic"]
[Site "Cetinje"]
[Date "2009.08.12"]
[Round "4.10"]
[White "Stojanovic, Dalibor"]
[Black "Popovic, Mladen"]
[Result "1/2-1/2"]
[WhiteElo "2471"]
[BlackElo "2190"]
[PlyCount "189"]
[EventDate "2009.08.09"]
[EventRounds "9"]

1. e4 e6 2. d4 d5 3. Nd2 a6 4. Ngf3 Nf6 5. e5 Nfd7 6. Bd3 c5 7. c3 Nc6 8. O-O
cxd4 9. cxd4 Qb6 10. Nb3 a5 11. a4 Nb4 12. Bb5 Be7 13. Bd2 O-O 14. Rc1 Nb8 15.
Bxb4 Bxb4 16. Nc5 Bxc5 17. Rxc5 Bd7 18. Qd3 Qd8 19. Rfc1 Bc6 20. b3 h6 21. Qe2
Na6 22. Rxc6 bxc6 23. Bxa6 Qb6 24. Bd3 Qxb3 25. Bc2 Qa3 26. Qe3 Qb2 27. Ne1
Rfb8 28. Nd3 Qa2 29. Nc5 Rb4 30. Qd3 g6 31. Qe3 Rc4 32. Bb3 Rxc1+ 33. Qxc1 Qe2
34. g3 Rb8 35. Qc3 h5 36. h4 Rb4 37. Nd3 Qf3 38. Kf1 c5 39. dxc5 Qh1+ 40. Ke2
Re4+ 41. Kd2 Qf1 42. Bd1 Rc4 43. Qxa5 Rd4 44. Be2 Qa1 45. Qc3 Qxa4 46. Bd1 Qa2+
47. Bc2 Rc4 48. Qb3 Qa5+ 49. Ke2 Qa1 50. Kd2 Qa5+ 51. Kd1 Qa1+ 52. Qb1 Qd4 53.
Qb2 Rc3 54. Qb5 Rc4 55. c6 Qc3 56. Qb2 Qa5 57. Ke2 Rxc6 58. Ne1 Qc7 59. Bd3 Rc3
60. Kd2 Rc6 61. Nf3 Qa5+ 62. Ke2 Qc5 63. Qd2 Rb6 64. Kf1 Rc6 65. Kg2 Qc1 66.
Qa5 Qc5 67. Qd8+ Qf8 68. Qg5 Qg7 69. Qf4 Rc3 70. Qd4 Rc8 71. Ng5 Qf8 72. Qa7
Ra8 73. Qd4 Qe7 74. Be2 Ra3 75. Qb2 Kg7 76. Nh3 Ra4 77. Nf4 Qb4 78. Qxb4 Rxb4
79. Bd3 Rb6 80. Kf3 Rc6 81. Ke3 Rb6 82. f3 Kh6 83. Nh3 Rb2 84. Nf4 Ra2 85. Ne2
Kg7 86. g4 hxg4 87. fxg4 Ra1 88. Kf4 Kh7 89. g5 Kg7 90. Kg3 Rd1 91. Nf4 Rg1+
92. Kf3 Rh1 93. Kg3 Rg1+ 94. Ng2 Ra1 95. Nf4 {[...]} 1/2-1/2

[Event "Memorijal Danilo - Dajo Batricevic"]
[Site "Cetinje"]
[Date "2009.08.12"]
[Round "4.11"]
[White "Mijovic, Stefan"]
[Black "Bogut, Zeljko"]
[Result "1-0"]
[WhiteElo "2325"]
[BlackElo "2451"]
[PlyCount "59"]
[EventDate "2009.08.09"]
[EventRounds "9"]

1. e4 Nf6 2. e5 Nd5 3. d4 d6 4. c4 Nb6 5. f4 dxe5 6. fxe5 Nc6 7. Be3 Bf5 8. Nc3
e6 9. Nf3 Qd7 10. Be2 O-O-O 11. O-O Be7 12. Qd2 f6 13. exf6 Bxf6 14. Rad1 h6
15. d5 Ne5 16. Nxe5 Bxe5 17. Bd4 Bxd4+ 18. Qxd4 Qe7 19. Bf3 Rhf8 20. Qe3 Rde8
21. d6 cxd6 22. Nb5 Kb8 23. Nxd6 Rd8 24. c5 Nc8 25. Nxb7 Rxd1 26. Rxd1 Bc2 27.
Na5 Qg5 28. Qxg5 hxg5 29. Rd7 g4 30. Bc6 1-0

[Event "Memorijal Danilo - Dajo Batricevic"]
[Site "Cetinje"]
[Date "2009.08.12"]
[Round "4.12"]
[White "Brajovic, Radovan"]
[Black "Nikac, Predrag"]
[Result "1/2-1/2"]
[WhiteElo "2245"]
[BlackElo "2361"]
[PlyCount "118"]
[EventDate "2009.08.09"]
[EventRounds "9"]

1. e4 c5 2. Nf3 a6 3. c4 Nc6 4. Nc3 g6 5. d4 cxd4 6. Nxd4 Bg7 7. Be3 d6 8. Qd2
Nf6 9. f3 O-O 10. Be2 Bd7 11. O-O Nxd4 12. Bxd4 Bc6 13. Rfd1 a5 14. Rac1 Nd7
15. Be3 a4 16. Nd5 Nc5 17. Qb4 Bxd5 18. Bxc5 dxc5 19. Qxc5 Bxb2 20. Rc2 b6 21.
Qb4 Be5 22. Rxd5 Qc7 23. g3 Bd6 24. Qd2 Rfd8 25. Kg2 e6 26. Rd3 Bc5 27. Qf4 e5
28. Qg5 Rxd3 29. Bxd3 Rd8 30. Be2 Kg7 31. f4 f6 32. Qg4 Qd6 33. Qf3 Qd4 34. h4
Qg1+ 35. Kh3 Qb1 36. Bd3 a3 37. h5 gxh5 38. Rd2 Qe1 39. Rd1 Qc3 40. Be2 Qxf3
41. Bxf3 Bd4 42. fxe5 fxe5 43. Rd3 Ra8 44. Bxh5 Bc5 45. Be2 Ra4 46. Rb3 Kf6 47.
Kg4 Ke6 48. Kh5 Ra7 49. Rd3 Bd4 50. Rb3 Kd6 51. Kh6 Kc6 52. g4 Bb2 53. Kg5 Rf7
54. Rf3 Bc1+ 55. Kh5 Rxf3 56. Bxf3 Kc5 57. g5 Kxc4 58. g6 hxg6+ 59. Kxg6 Kd3
1/2-1/2

[Event "Memorijal Danilo - Dajo Batricevic"]
[Site "Cetinje"]
[Date "2009.08.12"]
[Round "4.13"]
[White "Bajkovic, Nikola"]
[Black "Galic, Ivan"]
[Result "0-1"]
[WhiteElo "2143"]
[BlackElo "2349"]
[PlyCount "104"]
[EventDate "2009.08.09"]
[EventRounds "9"]

1. d4 Nf6 2. Nf3 e6 3. Nbd2 c5 4. e3 cxd4 5. exd4 d5 6. Bd3 Be7 7. O-O O-O 8.
Re1 b6 9. Qe2 a5 10. Ne5 Ba6 11. Ndf3 Bxd3 12. Qxd3 Qc8 13. Ng5 h6 14. Nh3 Nc6
15. c3 Bd6 16. f4 Ne4 17. Nf2 f5 18. Nxe4 fxe4 19. Qb5 Bxe5 20. fxe5 Qb7 21.
Be3 Ne7 22. Rf1 Qc6 23. Rxf8+ Rxf8 24. Qxc6 Nxc6 25. Rf1 a4 26. Rb1 Ra8 27. Kf2
b5 28. Bd2 Kf7 29. Ke3 Ne7 30. Ke2 Nc8 31. Rf1+ Kg8 32. b3 Nb6 33. Ke3 axb3 34.
axb3 Ra2 35. Rb1 Kf7 36. Rf1+ Ke8 37. Rb1 Ke7 38. Ke2 Kf7 39. Ke3 Kg6 40. Ke2
h5 41. g3 Ra7 42. Rf1 Ra3 43. Rb1 Ra2 44. Ke3 Nc8 45. h3 Ne7 46. Be1 Kg5 47. g4
hxg4 48. h4+ Kh5 49. c4 bxc4 50. bxc4 g5 51. cxd5 exd5 52. hxg5 Kxg5 0-1

[Event "Memorijal Danilo - Dajo Batricevic"]
[Site "Cetinje"]
[Date "2009.08.12"]
[Round "4.14"]
[White "Dabetic, Radojica"]
[Black "Pobor, Nebojsa"]
[Result "1-0"]
[WhiteElo "2340"]
[BlackElo "2069"]
[PlyCount "147"]
[EventDate "2009.08.09"]
[EventRounds "9"]

1. e4 d6 2. d4 g6 3. Nc3 Bg7 4. Nf3 Nf6 5. Be3 O-O 6. Qd2 Ng4 7. Bg5 h6 8. Bh4
c6 9. Bd3 Nf6 10. h3 Qc7 11. Bg3 Nh5 12. Bh2 e5 13. Ne2 f5 14. dxe5 dxe5 15.
Qc3 fxe4 16. Bxe4 Nf4 17. Bxf4 exf4 18. Qb4 Kh7 19. Nh4 Bf5 20. Nxf5 gxf5 21.
Bf3 Nd7 22. O-O Rae8 23. Rad1 Nc5 24. Qc4 Ne4 25. c3 b5 26. Qd3 Ng5 27. Nd4
Nxf3+ 28. Nxf3 Qf7 29. a3 Qh5 30. Rd2 Re6 31. Kh1 Rg6 32. Nh2 Rg8 33. Qf3 Qh4
34. Rd7 a5 35. Re1 Rd8 36. Rxd8 Qxd8 37. Rd1 Qc7 38. Qd3 Qb6 39. Rd2 Qc5 40.
Nf3 Bf6 41. Qd7+ Rg7 42. Qe6 Rg6 43. Qf7+ Bg7 44. Rd8 Qc4 45. Qxc4 bxc4 46. Kg1
c5 47. Nd2 h5 48. Kf1 Bh6 49. f3 Rc6 50. Nxc4 a4 51. Rd7+ Bg7 52. Rd6 Rc7 53.
Ra6 Kg8 54. Rxa4 Bf6 55. Ra6 Bh4 56. Re6 Rd7 57. Nd6 c4 58. Ke2 Rg7 59. Kf1 Rd7
60. a4 Bg3 61. a5 Ra7 62. Nxc4 Kf7 63. Re5 Kf6 64. Rd5 Rc7 65. b3 Rb7 66. b4
Rc7 67. Rd4 Re7 68. Rd1 Rc7 69. Nb6 Ke6 70. a6 Bh4 71. Nd5 Ra7 72. b5 Bd8 73.
Nxf4+ Ke7 74. c4 1-0

[Event "Memorijal Danilo - Dajo Batricevic"]
[Site "Cetinje"]
[Date "2009.08.12"]
[Round "4.15"]
[White "Vukcevic, Nemanja"]
[Black "Paulet, Iozefina"]
[Result "0-1"]
[WhiteElo "1996"]
[BlackElo "2327"]
[PlyCount "92"]
[EventDate "2009.08.09"]
[EventRounds "9"]

1. e4 c5 2. Nf3 d6 3. d4 cxd4 4. Nxd4 Nf6 5. Nc3 a6 6. Be3 e5 7. Nb3 Be6 8. f3
Be7 9. Qd2 O-O 10. O-O-O a5 11. Qe1 Qc8 12. a4 Na6 13. g4 Nb4 14. g5 Nd7 15.
Kb1 Qc6 16. Bb5 Qc7 17. Qf2 f5 18. Qg2 Nb6 19. Bxb6 Qxb6 20. Nd5 Bxd5 21. exd5
Rfc8 22. c3 Na6 23. f4 Nc7 24. Bc4 Ne6 25. fxe5 Rxc4 26. exd6 Nf4 27. Qf1 Rxc3
28. Nd4 Bxg5 29. Ne6 Nxe6 30. dxe6 Bf6 31. Qb5 Qxb5 32. axb5 Re3 33. Rhe1 Rxe1
34. Rxe1 Kf8 35. Ka2 Ke8 36. Kb3 Rd8 37. d7+ Ke7 38. Kc4 Bxb2 39. Kd5 a4 40.
Rf1 g6 41. Rf4 a3 42. Ra4 g5 43. h3 f4 44. h4 h6 45. hxg5 hxg5 46. b6 f3 0-1

[Event "Memorijal Danilo - Dajo Batricevic"]
[Site "Cetinje"]
[Date "2009.08.12"]
[Round "4.16"]
[White "Batricevic, Sasa"]
[Black "Krivokapic, Marko"]
[Result "0-1"]
[WhiteElo "2287"]
[BlackElo "2416"]
[PlyCount "64"]
[EventDate "2009.08.09"]
[EventRounds "9"]

1. e4 c5 2. Nf3 d6 3. d4 cxd4 4. Nxd4 Nf6 5. Nc3 a6 6. Bg5 e6 7. Qf3 Nbd7 8.
O-O-O Be7 9. Kb1 Qc7 10. Be2 h6 11. Bc1 b5 12. e5 Bb7 13. exd6 Bxd6 14. Ndxb5
axb5 15. Nxb5 Bxf3 16. Nxc7+ Bxc7 17. Bxf3 Ra7 18. Bc6 Bb6 19. f3 Ke7 20. Bf4
Rc8 21. Bd6+ Ke8 22. Bb5 Bc5 23. Be5 Kf8 24. Bg3 Nb6 25. c4 Nh5 26. Be5 f6 27.
Bc3 Nf4 28. Rd2 e5 29. g3 Ne6 30. a4 Nxa4 31. f4 Nxc3+ 32. bxc3 Rca8 0-1

[Event "Memorijal Danilo - Dajo Batricevic"]
[Site "Cetinje"]
[Date "2009.08.12"]
[Round "4.17"]
[White "Nikcevic, Nebojsa"]
[Black "Draganic, Veljko"]
[Result "0-1"]
[WhiteElo "2381"]
[BlackElo "2278"]
[PlyCount "76"]
[EventDate "2009.08.09"]
[EventRounds "9"]

1. c4 Nf6 2. Nc3 g6 3. e4 d6 4. d4 Bg7 5. Nf3 O-O 6. Be2 e5 7. O-O Nc6 8. d5
Ne7 9. a4 Nh5 10. g3 f5 11. Ng5 Nf6 12. f3 c5 13. Ra3 Ne8 14. exf5 gxf5 15. f4
Ng6 16. Bh5 Bf6 17. Ne6 Bxe6 18. dxe6 Ng7 19. Nd5 Nxe6 20. Nxf6+ Qxf6 21. Bxg6
hxg6 22. Qxd6 e4 23. Qd2 Qd4+ 24. Qf2 Qxc4 25. g4 Nd4 26. Be3 Nf3+ 27. Kh1 b6
28. gxf5 gxf5 29. a5 Kf7 30. axb6 axb6 31. b3 Qd5 32. Rxa8 Rxa8 33. Qc2 Rh8 34.
Rf2 Rd8 35. b4 Qd1+ 36. Qxd1 Rxd1+ 37. Kg2 Rg1+ 38. Kh3 Re1 0-1

[Event "Memorijal Danilo - Dajo Batricevic"]
[Site "Cetinje"]
[Date "2009.08.12"]
[Round "4.18"]
[White "Vucinic, Pero"]
[Black "Kontic, Djordjije"]
[Result "1/2-1/2"]
[WhiteElo "2226"]
[BlackElo "2364"]
[PlyCount "115"]
[EventDate "2009.08.09"]
[EventRounds "9"]

1. e4 c5 2. c3 d5 3. exd5 Nf6 4. Bb5+ Bd7 5. Bxd7+ Qxd7 6. c4 e6 7. Qe2 Bd6 8.
Nf3 O-O 9. dxe6 fxe6 10. O-O Nc6 11. d3 Ng4 12. h3 Rxf3 13. Qxf3 Nh2 14. Qe4
Nxf1 15. Kxf1 Nd4 16. Na3 Rf8 17. Be3 Bg3 18. Bxd4 Rf4 19. Qe2 Qxd4 20. f3 Bh2
21. Qf2 Qxd3+ 22. Qe2 Qd4 23. Qf2 e5 24. Qxd4 Rxd4 25. Ke2 e4 26. Rd1 exf3+ 27.
gxf3 Rxd1 28. Kxd1 Kf7 29. Nb5 a6 30. Nc3 Be5 31. Ne4 b6 32. b3 Ke6 33. Ng5+
Kf5 34. Nxh7 Bd6 35. h4 Be7 36. Ng5 Bxg5 37. hxg5 Kxg5 38. Ke2 Kf4 39. Kf2 g5
40. Ke2 Ke5 41. Kd3 Kf6 42. Ke4 Ke6 43. f4 g4 44. f5+ Kf6 45. Kf4 g3 46. Kxg3
Kxf5 47. Kf3 b5 48. a3 b4 49. axb4 cxb4 50. Ke3 Ke5 51. Kd3 Kd6 52. Kd4 a5 53.
c5+ Kc7 54. Kc4 Kc6 55. Kd4 a4 56. bxa4 b3 57. Kc3 Kxc5 58. Kxb3 1/2-1/2

[Event "Memorijal Danilo - Dajo Batricevic"]
[Site "Cetinje"]
[Date "2009.08.12"]
[Round "4.20"]
[White "Draskovic, Luka"]
[Black "Boshku, Harallamb"]
[Result "0-1"]
[WhiteElo "2079"]
[BlackElo "2309"]
[PlyCount "100"]
[EventDate "2009.08.09"]
[EventRounds "9"]

1. e4 c5 2. Nf3 Nc6 3. d4 cxd4 4. Nxd4 g6 5. c4 Bg7 6. Be3 Nf6 7. Nc3 d6 8. Be2
O-O 9. O-O Bd7 10. Nb3 Rc8 11. f3 Na5 12. Nd2 a6 13. Rc1 e6 14. b4 Nc6 15. a3
Ne7 16. Nb3 Ne8 17. Qd2 f5 18. Rfd1 Rf7 19. c5 Bxc3 20. Rxc3 d5 21. Bg5 Nc7 22.
Na5 Bc6 23. Nc4 Ba4 24. Nd6 Bxd1 25. Qxd1 dxe4 26. fxe4 fxe4 27. Rc1 Rb8 28.
Bc4 Rf8 29. Bh6 Ned5 30. Bxf8 Qxf8 31. Nxe4 Qf4 32. Ng3 Qe3+ 33. Kh1 Qxa3 34.
Bxd5 Nxd5 35. Rc4 Ne3 36. Qe1 Qa2 37. Qxe3 Qxc4 38. h3 Rf8 39. Kh2 Qd5 40. h4
e5 41. Ne4 Qd4 42. Qb3+ Kg7 43. Ng5 Qxh4+ 44. Nh3 Qe7 45. Qd5 Rd8 46. Qb3 Rd4
47. b5 axb5 48. Qxb5 Rd5 49. Ng5 e4 50. Qb2+ Qe5+ 0-1

[Event "Memorijal Danilo - Dajo Batricevic"]
[Site "Cetinje"]
[Date "2009.08.12"]
[Round "4.21"]
[White "Vulevic, Vjekoslav"]
[Black "Pecurica, Milos"]
[Result "1-0"]
[WhiteElo "2315"]
[BlackElo "2010"]
[PlyCount "75"]
[EventDate "2009.08.09"]
[EventRounds "9"]

1. e4 c5 2. Nf3 d6 3. h3 Nf6 4. c3 g6 5. Bd3 d5 6. e5 Nh5 7. O-O Nc6 8. Bb5 Ng7
9. Bxc6+ bxc6 10. d3 Ne6 11. Ng5 Nxg5 12. Bxg5 Bg7 13. Re1 O-O 14. Bh4 f6 15.
Nd2 g5 16. exf6 Bxf6 17. Bg3 Qb6 18. Re2 Bf5 19. Nf1 Qb5 20. Rd2 Rae8 21. Ne3
Bg6 22. Rc1 Qa6 23. Ng4 e5 24. Nxf6+ Rxf6 25. c4 d4 26. f3 Qc8 27. Qa4 Qb7 28.
a3 h5 29. Re1 g4 30. hxg4 hxg4 31. Bxe5 gxf3 32. gxf3 Rxf3 33. Rg2 Qf7 34. Qxc6
Kh7 35. Qxc5 Rxd3 36. Rf1 Rf3 37. Rxf3 Qxf3 38. Qc7+ 1-0